• 首页
  • 本馆介绍
  • 公告通知
  • 最新文献
  • 馆藏检索
  • 电子资源
  • 读者导购
  • 参考咨询
  • 我的图书馆
  • 登录
  • 详细信息显示
  • 放入我的书架
  • 预约/预借图书
  • 作者相关作品
  • 分类相关作品
  • 丛书相关作品
  • 出版社相关作品

书目信息

  • 表格格式
  • 工作单格式
  • 卡片格式
题名:
笑傲江湖宝典
    
 
作者: 崔斌 主编
分册:  
出版信息: 北京   人民中国出版社  2001
页数: 302页
开本: 20cm
丛书名:
单 册:
中图分类: I207.352
科图分类:
主题词: 电视影片评论 , 文学--中国
电子资源:
ISBN: 7-80065-698-5
000 00791nam0 2200253 450
001 1235106777
005 20121015141410.12
010    @a7-80065-698-5@dCNY25.80
100    @a20010625d2001 em y0chiy0110 ea
101 0  @achi
102    @aCN@b110000
105    @aa z 000yd
200 1  @a笑傲江湖宝典@Axiao ao jiang hu bao dian@f崔斌等主编
210    @a北京@c人民中国出版社@d2001
215    @a302页@c照片@d20cm
330    @a长篇电视剧《笑傲江湖》的播出,引起的社会反响,引来了江湖上的纷争。本书对该剧的题材、人物及演员情况进行了讨论。
605    @a笑傲江湖@x电视影片评论
605    @2CT@3S904550@a笑傲江湖
606 0  @a电视影片评论
606 0  @a文学@x中国
690    @aI207.352@v4
701  0 @a崔斌@Acui bin@4主编
801  0 @aCN@bNLC@c20101222
905    @a10447@dI207.352@eJY193
    
    笑傲江湖宝典/崔斌等主编.-北京:人民中国出版社,2001
    302页:照片;20cm
    
    
    ISBN 7-80065-698-5:CNY25.80
    长篇电视剧《笑傲江湖》的播出,引起的社会反响,引来了江湖上的纷争。本书对该剧的题材、人物及演员情况进行了讨论。
●
相关链接 在E读中查询图书 在五车中查询图书 在当当中查询图书 在豆瓣中查询图书


正题名:笑傲江湖宝典     索取号:I207.352/JY193         预约/预借

序号 登录号 条形码 馆藏地/架位号 状态 备注
1 7801412   278014122   学院路分馆/ [索取号:I207.352/JY193] 在馆    
2 7801413   278014131   学院路分馆/ [索取号:I207.352/JY193] 在馆    
3 7801414   278014140   学院路分馆/ [索取号:I207.352/JY193] 在馆    
4 7801415   278014159   学院路分馆/ [索取号:I207.352/JY193] 在馆    
唐山师范学院图书馆 欢迎您!
大连网信软件有限公司© 版权所有